[Event "RSA-chT U20"]
[Site "Boksburg"]
[Date "2018.01.08"]
[Round "7.3"]
[White "De Winnaar, San Marie"]
[Black "Kara, Nabeel"]
[Result "0-1"]
[WhiteElo "694"]
[BlackElo "1216"]
[PlyCount "80"]
[EventDate "2018.01.04"]
[EventType "team-tourn"]
[EventRounds "7"]
[EventCountry "RSA"]
[SourceTitle "CBM 182 Extra"]
[Source "ChessBase"]
[SourceDate "2018.02.23"]
[SourceVersion "1"]
[SourceVersionDate "2018.02.23"]
[SourceQuality "1"]
[WhiteTeam "Mangaung U20"]
[BlackTeam "Ethekwini U20"]
[WhiteTeamCountry "RSA"]
[BlackTeamCountry "RSA"]

1. e4 c5 2. Nf3 d6 3. Bb5+ Bd7 4. Bxd7+ Qxd7 5. e5 Nc6 6. d4 dxe5 7. dxe5 Qxd1+ 8. Kxd1 Rd8+ 9. Bd2 g6 10. Kc1 Bg7 11. Re1 Nh6 12. e6 f6 13. Bc3 Nd4 14. Ba5 b6 15. Bc3 Nhf5 16. Nbd2 Nb5 17. b4 Nxc3 18. bxc5 bxc5 19. Ne4 Nxe4 20. Rxe4 Nd4 21. Nd2 Bh6 22. f4 Rd6 23. Rb1 0-0 24. Re1 Bxf4 25. Rb7 Bxd2+ 26. Kxd2 Nf3+ 27. Ke2 Nxe1 28. Kxe1 Rxe6+ 29. Kf1 Kf7 30. Rxa7 Rc8 31. a4 Rcc6 32. a5 Ra6 33. Rxa6 Rxa6 34. Kf2 Rxa5 35. Ke2 Ke6 36. Kd2 Kd5 37. Kc3 e5 38. Kd2 Ke4 39. Ke1 Ke3 40. Kf1 Ra1# 0-1

[Event "RSA-chT U18"]
[Site "Cape Town"]
[Date "2016.01.04"]
[Round "2.5"]
[White "Groeneveld, Henri"]
[Black "Kara, Nabeel"]
[Result "1-0"]
[WhiteElo "1284"]
[BlackElo "1219"]
[PlyCount "33"]
[EventDate "2016.01.04"]
[EventType "team-tourn"]
[EventRounds "7"]
[EventCountry "RSA"]
[SourceTitle "CBM 170 Extra"]
[Source "ChessBase"]
[SourceDate "2016.02.25"]
[SourceVersion "1"]
[SourceVersionDate "2016.02.25"]
[SourceQuality "1"]
[WhiteTeam "Tshwane"]
[BlackTeam "Ethekwini"]
[WhiteTeamCountry "RSA"]
[BlackTeamCountry "RSA"]

1. d4 Nf6 2. Bf4 d6 3. e3 g6 4. Bd3 Bg7 5. h3 0-0 6. Nf3 Nbd7 7. c4 c5 8. Nc3 Nb6 9. Qc2 cxd4 10. exd4 Re8 11. 0-0 h6 12. Bxg6 fxg6 13. Qxg6 Kf8 14. Bxh6 Bxh6 15. Qxh6+ Kg8 16. Qg6+ Kh8 17. Ng5 1-0